000 00320 a2200109 4500
001 ART_13057
005 20260410161817.0
008 260409a
245 1 0 _aComenzar a pensar en una tesis
100 1 _aKunz, Ana
773 0 _tRevista Juridica de Buenos Aires
_gDerechos humanos (ene. 2007)
_wREV4315
999 _c21973
_d21973